A PRACTICAL HANDBOOK ON PHARMACEUTICAL DOSAGE FORMS-I (Record no. 5859)

MARC details
000 -LEADER
fixed length control field 00484nam a22001697a 4500
005 - DATE AND TIME OF LATEST TRANSACTION
control field 20240108141818.0
008 - FIXED-LENGTH DATA ELEMENTS--GENERAL INFORMATION
fixed length control field 190527b xxu||||| |||| 00| 0 eng d
020 ## - INTERNATIONAL STANDARD BOOK NUMBER
ISBN 978-93-5164-005-9
041 ## - LANGUAGE CODE
Language code of text/sound track or separate title eng
100 ## - MAIN ENTRY--AUTHOR NAME
Personal name JAIN,DR.D.K,BAVISKAR,DR. DHEERAJ T.,AND DARWHEKAR,DR.G.N
245 ## - TITLE STATEMENT
Title A PRACTICAL HANDBOOK ON PHARMACEUTICAL DOSAGE FORMS-I
250 ## - EDITION STATEMENT
Edition statement 6th Ed. 2018
260 ## - PUBLICATION, DISTRIBUTION, ETC. (IMPRINT)
Place of publication PUNE
Name of publisher NIRALI PRAKASHAN
300 ## - PHYSICAL DESCRIPTION
Number of Pages 19.5p,
650 ## - SUBJECT ADDED ENTRY--TOPICAL TERM
Topical Term PHARMACY
General subdivision D.PHARMA
942 ## - ADDED ENTRY ELEMENTS (KOHA)
Koha item type Books
Holdings
Lost status Damaged status Collection code Home library Current library Shelving location Date acquired Source of acquisition Cost, normal purchase price Accession Number Koha item type
    PHARMACY JRU Library JRU Library SHELF-3-A 27/05/2019 PURCHESS 110.00 22757 Books
    PHARMACY JRU Library JRU Library SHELF-19-F 27/05/2019 PURCHESS 110.00 22758 Books
    Reference JRU Library JRU Library SHELF -11-A 27/05/2019 PURCHESS 110.00 22759 Books
    PHARMACY JRU Library JRU Library SHELF-19-F 27/05/2019 PURCHESS 110.00 22760 Books
    PHARMACY JRU Library JRU Library Shelf - 23- D 27/05/2019 PURCHESS 110.00 22761 Books